header

Loss, change and bereavement in palliative care (Record no. 132540)

MARC details
000 -LEADER
fixed length control field 01383nam a2200373 a 4500
100 1# - MAIN ENTRY--AUTHOR NAME
Personal name Firth, Pam.
245 10 - TITLE STATEMENT
Title Loss, change and bereavement in palliative care
260 ## - PUBLICATION, DISTRIBUTION, ETC. (IMPRINT)
Place of publication Maidenhead, England :
Name of publisher Open University Press,
Year of publication 2005.
300 ## - PHYSICAL DESCRIPTION
Number of Pages xxiv, 215 p.
490 1# - SERIES STATEMENT
Series statement Facing death
650 #0 - SUBJECT ADDED ENTRY--TOPICAL TERM
Topical Term Palliative treatment
Topical Term Loss (Psychology)
Topical Term Bereavement.
700 1# - ADDED ENTRY--PERSONAL NAME
Personal name Luff, Gill.
Personal name Oliviere, David.
856 40 - ELECTRONIC LOCATION AND ACCESS
Uniform Resource Identifier http://site.ebrary.com/lib/rucke/Doc?id=10161270

No items available.

© 2026 Rongo University
Contact us: librarian | system librarian | Rongo university